|
|
|
|
| LEADER |
04565nam a22004337a 4500 |
| 001 |
45146 |
| 003 |
BD-DhAAL |
| 005 |
20251207105650.0 |
| 008 |
250206t2024 njua 001 0 eng d |
| 010 |
|
|
|a 2024408275
|
| 020 |
|
|
|a 0138213429
|
| 020 |
|
|
|a 9780138213428
|
| 035 |
|
|
|a 24021481
|
| 035 |
|
|
|a (OCoLC)1384415140
|
| 040 |
|
|
|a YDX
|b eng
|c YDX
|d OCLCO
|d TAMCT
|d OCLCO
|d OCLCQ
|d DLC
|d BD-DhAAL
|
| 042 |
|
|
|a lccopycat
|
| 050 |
0 |
0 |
|a TK5105.5
|b .W475 2024
|
| 082 |
0 |
4 |
|a 004.6076
|2 23
|
| 100 |
1 |
|
|a White, Russ,
|e author.
|9 59942
|
| 245 |
1 |
0 |
|a Cisco Certified Support Technician CCST Networking 100-150 :
|b official cert guide /
|c Russ White.
|
| 260 |
|
|
|a Hoboken, New Jersey :
|b Cisco Press,
|c c2024.
|
| 300 |
|
|
|a xxxiv, 563 pages :
|b illustrations ;
|c 23 cm
|
| 490 |
1 |
|
|a Official cert guide
|
| 500 |
|
|
|a Includes index.
|
| 520 |
|
|
|a Trust the best-selling Official Cert Guide series from Cisco Press to help you learn, prepare, and practice for the CCST Networking 100-150 exam. Well regarded for its level of detail, study plans, assessment features, and challenging review questions and exercises, Cisco Certified Support Technician Networking 100-150 Official Cert Guide helps you master the concepts and techniques that ensure your exam success and is the only self-study resource approved by Cisco. Leading Cisco technology expert and best-selling author Russ White shares preparation hints and test-taking tips, helping you identify areas of weakness, and improve both your conceptual knowledge and hands-on skills.
|
| 526 |
8 |
|
|a CSE
|x Annajiat Alim Rasel
Senior Lecturer
Department of Computer Science and Engineering
BRAC University
Course Name :Computer Networks (CSE 421) ; Computer Networks (EEE 465) ; Computer Networks Laboratory (EEE 466)
|
| 541 |
1 |
|
|a Hye Trade International
|e 45146, 45147, 45148, 45149, 45150
|
| 650 |
|
0 |
|a Electronic data processing personnel
|x Certification
|v Study guides.
|9 39373
|
| 650 |
|
0 |
|a Computer networks
|x Examinations
|v Study guides.
|
| 650 |
|
0 |
|a Computer science.
|
| 830 |
|
0 |
|a Official cert guide series.
|
| 852 |
1 |
|
|a Ayesha Abed Library
|c General Stacks
|
| 942 |
|
|
|2 ddc
|c BK
|
| 999 |
|
|
|c 47450
|d 47450
|
| 952 |
|
|
|0 0
|1 0
|2 ddc
|4 0
|6 004_607600000000000_WHI
|7 0
|9 78557
|a BRACUL
|b BRACUL
|c GEN
|d 2025-11-26
|e Hye Trade International
|g 5468.00
|l 0
|o 004.6076 WHI
|p 3010045149
|r 2025-11-26
|t 4
|v 10936.00
|w 2025-11-26
|y BK
|x Requisitioned by Annajiat Alim Rasel (Senior Lecturer, Department of Computer Science and Engineering, BRAC University) for the course named- 'Computer Networks (CSE 421), Computer Networks (EEE 465), and Computer Networks Laboratory (EEE 466).
|
| 952 |
|
|
|0 0
|1 0
|2 ddc
|4 0
|6 004_607600000000000_WHI
|7 0
|9 78558
|a BRACUL
|b BRACUL
|c GEN
|d 2025-11-26
|e Hye Trade International
|g 5468.00
|l 0
|o 004.6076 WHI
|p 3010045150
|r 2025-11-26
|t 5
|v 10936.00
|w 2025-11-26
|y BK
|x Requisitioned by Annajiat Alim Rasel (Senior Lecturer, Department of Computer Science and Engineering, BRAC University) for the course named- 'Computer Networks (CSE 421), Computer Networks (EEE 465), and Computer Networks Laboratory (EEE 466).
|
| 952 |
|
|
|0 0
|1 0
|2 ddc
|4 0
|6 004_607600000000000_WHI
|7 0
|9 78559
|a BRACUL
|b BRACUL
|c GEN
|d 2025-11-26
|e Hye Trade International
|g 5468.00
|l 1
|m 17
|o 004.6076 WHI
|p 3010045148
|r 2026-05-16
|s 2026-02-02
|t 3
|v 10936.00
|w 2025-11-26
|y BK
|x Requisitioned by Annajiat Alim Rasel (Senior Lecturer, Department of Computer Science and Engineering, BRAC University) for the course named- 'Computer Networks (CSE 421), Computer Networks (EEE 465), and Computer Networks Laboratory (EEE 466).
|
| 952 |
|
|
|0 0
|1 0
|2 ddc
|4 0
|6 004_607600000000000_WHI
|7 0
|9 78560
|a BRACUL
|b BRACUL
|c NEW
|d 2025-11-26
|e Hye Trade International
|g 5468.00
|l 2
|m 1
|o 004.6076 WHI
|p 3010045146
|q 2026-06-02
|r 2026-05-13
|s 2026-05-13
|t 1
|v 10936.00
|w 2025-11-26
|y BK
|x Requisitioned by Annajiat Alim Rasel (Senior Lecturer, Department of Computer Science and Engineering, BRAC University) for the course named- 'Computer Networks (CSE 421), Computer Networks (EEE 465), and Computer Networks Laboratory (EEE 466).
|
| 952 |
|
|
|0 0
|1 0
|2 ddc
|4 0
|6 004_607600000000000_WHI
|7 0
|9 78561
|a BRACUL
|b BRACUL
|c CIR
|d 2025-11-26
|e Hye Trade International
|g 5468.00
|l 0
|o 004.6076 WHI
|p 3010045147
|r 2025-11-26
|t 2
|v 10936.00
|w 2025-11-26
|y 1HOUR
|x Requisitioned by Annajiat Alim Rasel (Senior Lecturer, Department of Computer Science and Engineering, BRAC University) for the course named- 'Computer Networks (CSE 421), Computer Networks (EEE 465), and Computer Networks Laboratory (EEE 466) ; As instructed by the University Librarian, the book has been placed on a one hour loan period following the receipt of five copies.
|